000 00679nam a2200241Ia 4500
003 OSt
005 20220926012018.0
006 a|||||r|||| 00| 0
007 ta
008 220923b |||||||| |||| 00| 0 eng d
037 _cGeneral Book
040 _aRTL
_cRTL
_beng
041 _2eng
_aeng
082 _aU671:(JB).73.N5, J1
100 _aGreeley William B
_9315412
245 0 _aForests and men
260 _aNew York
_bArno Press U S A
_c1951
300 _a255p
_ccm.
490 _aUse and abuse of America's natural resources
650 _aGeoparphy
942 _hU671:(JB).73.N5, J1
_cGB
_2CC
999 _c621528
_d621528